DE Smith's Judicial Review / (Record no. 614081)
[ view plain ]
| 000 -LEADER | |
|---|---|
| fixed length control field | 00282nam a22001097a 4500 |
| 082 ## - DEWEY DECIMAL CLASSIFICATION NUMBER | |
| Classification number | 342.41066 |
| Author Mark | SMI |
| 245 ## - TITLE STATEMENT | |
| Title | DE Smith's Judicial Review / |
| Statement of responsibility, etc. | Edited by Ivan Hare and et all |
| 260 ## - PUBLICATION, DISTRIBUTION, ETC. | |
| Place of publication, distribution, etc. | England: |
| Name of publisher, distributor, etc. | Thomson Reuters, |
| Date of publication, distribution, etc. | 2023. |
| 300 ## - PHYSICAL DESCRIPTION | |
| Extent | 999 p. |
| 563 ## - BINDING INFORMATION | |
| Binding note | HB. |
| 942 ## - ADDED ENTRY ELEMENTS (KOHA) | |
| Source of classification or shelving scheme | |
| Koha item type | Book |
| Withdrawn status | Lost status | Source of classification or shelving scheme | Damaged status | Not for loan | Permanent Location | Current Location | Date acquired | Total Checkouts | Full call number | Barcode | Date last seen | Price effective from | Koha item type |
|---|---|---|---|---|---|---|---|---|---|---|---|---|---|
| NUST Law School (NLS) | NUST Law School (NLS) | 07/03/2025 | 342.41066 SMI | NLS-3118 | 07/03/2025 | 07/03/2025 | Book |
